000 01019cam a22003133a 4500
001 49997
005 20230410103843.0
008 070630s2007 xx 000 0 eng d
035 _a(OCoLC)ocn156823479
040 _aBTCTA
_cBTCTA
_dBAKER
_dHKP
020 _a9781565912458
020 _a1565912454
035 _a(OCoLC)156823479
050 1 4 _a409 DS 904
_bS525s 2007
049 _aGRAL
100 1 _aShaffer, David E.
245 1 0 _aSeasonal Customs of Korea /
_cby David E. Shaffer.
260 _aElizabeth, N.J. ;
_aSeoul :
_bHollym,
_c2007.
300 _a207 p. :
_bill. ;
_c25 cm.
490 1 _aKorean culture series ;
_v7
504 _aIncludes bibliographical references (p. 195) and index.
651 0 _aKorea
_xSocial life and customs.
830 0 _aKorean culture series (Elizabeth, N.J.) ;
_v7.
938 _aBaker and Taylor
_bBTCP
_nBK0007335119
938 _aBaker & Taylor
_bBKTY
_c34.50
_d39.45
_i1565912454
_n0007335119
_sactive
942 _2lcc
_cbk
994 _aC0
_bDRFGD
946 _aLspaulino
999 _c27108
_d27108